| 000 | 00840cai a22002055a 4500 | ||
|---|---|---|---|
| 001 | E140178 | ||
| 008 | 070911s2007 stk f s000 0 eng d | ||
| 020 | _a9780755966899 | ||
| 035 | _a(Sirsi) u140178 | ||
| 041 | 0 | _aeng | |
| 050 | 0 | 4 | _a711.1 $2 18 |
| 110 | 1 |
_aScotland _bScottish Executive _bPlanning Modernisation and Co-ordination Division _95343 |
|
| 245 | 0 | 0 |
_aStrategic development planning authorities _bdesignation orders and statutory guidance, consultation paper _h[electronic resource] |
| 260 |
_aEdinburgh _bScottish Executive _c2007 |
||
| 650 | 2 | 4 | _aPLANNING ETC. (SCOTLAND) ACT 2006 |
| 651 | 4 |
_aScotland _y1999- |
|
| 690 |
_aPlanning and development _96259 |
||
| 856 | 4 | 0 |
_uhttps://www.scotland.gov.uk/Publications/2007/07/23153849/0 _zView the consultation free of charge at www.scotland.gov.uk/consultations... |
| 942 | _n0 | ||
| 999 |
_c107449 _d107449 |
||